=LDR 00000nam 2200000 4500 =001 INLIS000000000810220 =005 20251116012535 =035 ##$$a 0010-1125000074 =245 ##$$a Terapi Penyakit Hati /$c Ibn Qayyim al Jauziyah =300 ##$$a 369 hlm ; $c 24 cm =260 ##$:$b Qisthi Press =082 ##$$a 297.571 =084 ##$$a 297.571 IBN t =020 ##$$a 9789793715384